000
00312 a2200157 4500
001
58657
020
_a
8526219359
040
_c
Anchieta - Pituba
100
_a
Resende, Otto Lara
240
1
0
_a
Mãe
_l
por
245
1
0
_a
Mãe
300
_a
102
362
0
_a
1993
650
4
_a
Ficção brasileira
942
_c
BK
999
_c
58657
_d
58657